Statystyki dla Najczęściej wygrywające państwa - Liga Europy

Kliknij tutaj aby rozwiązać quiz!

Ogólne statystyki

  • Ten quiz został rozwiązany 195 razy
  • Średni wynik to 10 z 11

Statystyki odpowiedzi

Liczba wygranychKraj% Poprawnych
14Hiszpania
99%
9Włochy
99%
9Anglia
98%
7Niemcy
98%
2Portugalia
94%
4Holandia
91%
2Rosja
89%
1Ukraina
84%
1Belgia
83%
2Szwecja
77%
1Turcja
64%

Rozkład punktacji

Percentyl według liczby udzielonych odpowiedzi

Procent ludzi z każdym wynikiem

Twoja historia wyników

Nie rozwiązałeś tego quizu